000 00780nam0a22002531 4500
001 rc\3269793
005 20250609202122.0
021 _aRU
_b[71-60963]
035 _a(NLR Aleph) 007487437
090 _a7581432
_c7581432
100 _a20130115d1971 |||y0rusy50 ca
101 0 _arus
102 _aRU
105 _ay z |||||
200 1 _aКачество пищевых продуктов и вопросы экономики
210 _aМосква
_cПищевая пром-сть
_d1971
215 _a84 с.
_d21
606 _aПищевые продукты
_xКачество
_2psbo
700 1 _aЦунц
_bЗ.И.
_gЗиновий Израйлевич
801 0 _aRU
_bNLR
_gpsbo
801 1 _aRU
_bELAR
_2rusmarc
852 _aNLR
_j71-6/4261
942 _cBOOK
980 _aNB